[Event "Gruppe C | DWZ 1900 - 1701"]
[Site "61.HEM Erlensee 2007"]
[Date "2007.04.06"]
[Round "5.1"]
[White "Zuyev, Igor"]
[Black "Storck, Eike-Werner"]
[Result "1-0"]
[WhiteElo "2172"]
[BlackElo "1895"]
[PlyCount "35"]
[EventDate "2007.??.??"]

1. e4 e6 2. d4 d5 3. Nc3 Bb4 4. e5 Ne7 5. Bd2 c5 6. Nb5 Bxd2+ 7. Qxd2 O-O 8. f4
a6 9. Nd6 cxd4 10. Nf3 Nbc6 11. Bd3 f6 12. O-O Qb6 13. exf6 gxf6 14. Qf2 Nb4
15. Ne5 fxe5 16. Bxh7+ Kxh7 17. Qh4+ Kg8 18. Qg5+ 1-0

[Event "Gruppe C | DWZ 1900 - 1701"]
[Site "61.HEM Erlensee 2007"]
[Date "2007.04.06"]
[Round "5.2"]
[White "Wuestehube, Axel"]
[Black "Rasche, Hannes"]
[Result "1-0"]
[WhiteElo "1886"]
[BlackElo "2050"]
[PlyCount "69"]
[EventDate "2007.??.??"]

1. d4 Nf6 2. Nf3 c5 3. c3 e6 4. Bg5 d5 5. e3 Nbd7 6. Bd3 Qb6 7. Qc2 Bd6 8. Nbd2
h6 9. Bxf6 Nxf6 10. Ne5 Bd7 11. f4 Bb5 12. c4 Bc6 13. Ndf3 cxd4 14. exd4 dxc4
15. Nxc4 Qb4+ 16. Qc3 Qxc3+ 17. bxc3 Bxf4 18. O-O Bc7 19. Nfe5 Bd7 20. a4 O-O
21. Rxf6 gxf6 22. Nxd7 Rfd8 23. Nxf6+ Kg7 24. Nh5+ Kf8 25. Be4 Rab8 26. Rb1 b6
27. Bc6 Ke7 28. Rf1 Rg8 29. Nf6 Rgd8 30. g3 Bd6 31. Ng4 Rbc8 32. Bb5 h5 33.
Nge5 Bxe5 34. Nxe5 Rh8 35. Rxf7+ 1-0

[Event "Gruppe C | DWZ 1900 - 1701"]
[Site "61.HEM Erlensee 2007"]
[Date "2007.04.06"]
[Round "5.3"]
[White "Gutacker, Stephan"]
[Black "Rack, Matthias"]
[Result "1/2-1/2"]
[WhiteElo "1980"]
[BlackElo "2040"]
[PlyCount "26"]
[EventDate "2007.??.??"]

1. e4 e5 2. Nf3 Nf6 3. Nxe5 d6 4. Nf3 Nxe4 5. d4 d5 6. Bf4 Bd6 7. Bxd6 Qxd6 8.
Bd3 Qb4+ 9. Nbd2 O-O 10. O-O f5 11. Rb1 Nc6 12. c3 Qd6 13. Re1 Kh8 1/2-1/2

[Event "Gruppe C | DWZ 1900 - 1701"]
[Site "61.HEM Erlensee 2007"]
[Date "2007.04.06"]
[Round "5.4"]
[White "von Chamier, Ralf"]
[Black "Karsten, Heinrich"]
[Result "0-1"]
[WhiteElo "1837"]
[BlackElo "2077"]
[PlyCount "84"]
[EventDate "2007.??.??"]

1. Nf3 d5 2. c4 c6 3. g3 Nf6 4. Bg2 Nbd7 5. b3 e5 6. d3 Bd6 7. Bb2 O-O 8. O-O
Re8 9. Nbd2 b6 10. cxd5 cxd5 11. Rc1 Bb7 12. Nh4 g6 13. Nc4 Bf8 14. Qd2 Rc8 15.
f4 e4 16. Ne5 Qe7 17. Bh3 Rxc1 18. Rxc1 Nc5 19. d4 Ne6 20. f5 Nd8 21. Rf1 Bg7
22. g4 Nxg4 23. Nexg6 fxg6 24. Bxg4 Qxh4 25. Qf4 Rf8 26. f6 Bxf6 27. Ba3 Be7
28. Bxe7 Qxe7 29. Qc1 Rxf1+ 30. Qxf1 Qg5 31. Kh1 Kg7 32. Qf2 h5 33. Bd7 Ba6 34.
e3 h4 35. Bg4 Qf6 36. Kg2 Bb5 37. Qe1 Nf7 38. a4 Qg5 39. h3 Ne5 40. dxe5 Bd7
41. e6 Bxe6 42. Qc3+ Kg8 0-1

[Event "Gruppe C | DWZ 1900 - 1701"]
[Site "61.HEM Erlensee 2007"]
[Date "2007.04.06"]
[Round "5.5"]
[White "Scholz, Uwe"]
[Black "Smit, Josip"]
[Result "1/2-1/2"]
[WhiteElo "1733"]
[BlackElo "2049"]
[PlyCount "94"]
[EventDate "2007.??.??"]

1. c4 Nf6 2. Nc3 g6 3. e4 d6 4. d4 Bg7 5. f3 O-O 6. Be3 Nc6 7. Qd2 a6 8. O-O-O
e5 9. d5 Nd4 10. Nge2 Nxe2+ 11. Bxe2 Rb8 12. Bh6 Bd7 13. g4 b5 14. h4 Ne8 15.
Rdg1 f6 16. Bxg7 Kxg7 17. g5 Kh8 18. h5 Rg8 19. f4 b4 20. Nd1 Qe7 21. hxg6 Rxg6
22. Bh5 Rg7 23. g6 f5 24. gxh7 Nf6 25. Rxg7 Qxg7 26. exf5 Bxf5 27. Ne3 Be4 28.
Rh2 b3 29. a3 Nxh5 30. Rxh5 exf4 31. Nd1 Bxh7 32. Qc3 Qxc3+ 33. Nxc3 Kg7 34.
Kd2 Rf8 35. Rh2 Bc2 36. Rf2 Kg6 37. Ne2 Kg5 38. Nd4 Kg4 39. Rf3 Be4 40. Rxb3 f3
41. Nxf3 Rxf3 42. Rb7 Kf4 43. Rxc7 Ke5 44. c5 dxc5 45. Rxc5 Kd4 46. Rc3 Rf2+
47. Kc1 Rf1+ 1/2-1/2

[Event "Gruppe C | DWZ 1900 - 1701"]
[Site "61.HEM Erlensee 2007"]
[Date "2007.04.06"]
[Round "5.6"]
[White "Winter, Lars"]
[Black "Adair, Robin"]
[Result "0-1"]
[WhiteElo "2062"]
[BlackElo "2033"]
[PlyCount "42"]
[EventDate "2007.??.??"]

1. e4 c5 2. Nf3 Nc6 3. d4 cxd4 4. Nxd4 Nf6 5. Nc3 e5 6. Ndb5 d6 7. Nd5 Nxd5 8.
exd5 Nb8 9. a4 Be7 10. Be3 a6 11. Na3 O-O 12. Nc4 Nd7 13. a5 f5 14. Be2 f4 15.
Bb6 Qe8 16. Bh5 g6 17. Bg4 Nf6 18. Be6+ Bxe6 19. dxe6 Qc6 20. b3 Qxg2 21. Kd2
Qd5+ 0-1

[Event "Gruppe C | DWZ 1900 - 1701"]
[Site "61.HEM Erlensee 2007"]
[Date "2007.04.06"]
[Round "5.7"]
[White "Will, Jens Robert"]
[Black "Froehlich Dill, Astrid"]
[Result "0-1"]
[WhiteElo "1970"]
[BlackElo "1970"]
[PlyCount "84"]
[EventDate "2007.??.??"]

1. Nf3 Nf6 2. g3 b6 3. Bg2 Bb7 4. O-O c5 5. c4 e6 6. Nc3 a6 7. Re1 Be7 8. e4 d6
9. d4 cxd4 10. Nxd4 Qc7 11. b3 Nbd7 12. Ba3 Rd8 13. Rc1 O-O 14. f4 Rfe8 15. Qe2
h6 16. f5 e5 17. Nc2 Qb8 18. Red1 Nc5 19. Nb4 b5 20. cxb5 axb5 21. Bb2 Qa8 22.
Nxb5 Qa5 23. Bc3 Qb6 24. Kh1 Ncxe4 25. Be1 d5 26. Nc2 d4 27. a4 Nc5 28. Nb4
Bxg2+ 29. Qxg2 e4 30. Rb1 Ng4 31. Bf2 Nxf2+ 32. Qxf2 e3 33. Qg2 Ne4 34. Qxe4
Bxb4 35. Qd3 e2 36. Re1 Bxe1 37. Rxe1 Qc6+ 38. Kg1 Qe4 39. Qxe4 Rxe4 40. Kf2 d3
41. Nc3 Re5 42. g4 Rde8 0-1

[Event "Gruppe C | DWZ 1900 - 1701"]
[Site "61.HEM Erlensee 2007"]
[Date "2007.04.06"]
[Round "5.8"]
[White "Makilla, Tobias"]
[Black "Weiland, Thomas"]
[Result "1/2-1/2"]
[WhiteElo "1923"]
[BlackElo "1995"]
[PlyCount "78"]
[EventDate "2007.??.??"]

1. e4 d5 2. e5 Bf5 3. d4 e6 4. Bd3 Bxd3 5. Qxd3 Qd7 6. Be3 Ne7 7. Nd2 Nf5 8.
Ngf3 Nxe3 9. fxe3 c5 10. c3 c4 11. Qc2 Be7 12. O-O b5 13. Rf2 Nc6 14. Nf1 a5
15. a3 O-O 16. Ng3 b4 17. e4 bxc3 18. bxc3 Rab8 19. exd5 Qxd5 20. a4 Rb7 21.
Rb1 Rxb1+ 22. Qxb1 Rb8 23. Rb2 Rxb2 24. Qxb2 f6 25. exf6 Bxf6 26. Qe2 e5 27.
Nh5 Kf7 28. Nxf6 gxf6 29. dxe5 Nxe5 30. Nxe5+ fxe5 31. Qf3+ Ke6 32. Qxd5+ Kxd5
33. Kf2 Ke4 34. Ke2 Kf4 35. Kf2 h5 36. Ke2 h4 37. Kf2 Ke4 38. Ke2 Kf4 39. Kf2
Ke4 1/2-1/2

[Event "Gruppe C | DWZ 1900 - 1701"]
[Site "61.HEM Erlensee 2007"]
[Date "2007.04.06"]
[Round "5.9"]
[White "Schaal, Benedikt"]
[Black "Fussnecker, Manfred"]
[Result "1-0"]
[WhiteElo "1841"]
[BlackElo "2013"]
[PlyCount "93"]
[EventDate "2007.??.??"]

1. e4 e5 2. Nf3 d6 3. d4 exd4 4. Nxd4 Nf6 5. Nc3 Be7 6. Bg5 Nxe4 7. Bxe7 Qxe7
8. Nd5 Qd8 9. Qe2 O-O 10. Nxc7 Nxf2 11. Qxf2 Qxc7 12. O-O-O a6 13. Bd3 Nc6 14.
Qh4 f5 15. Bc4+ Kh8 16. Nf3 Ne5 17. Ng5 h6 18. Ne6 Bxe6 19. Bxe6 Rf6 20. Bb3
Rc8 21. h3 Nc4 22. g4 fxg4 23. hxg4 g5 24. Qxg5 Qg7 25. Qh5 Rf2 26. Qxh6+ Qxh6+
27. Rxh6+ Kg7 28. Re6 b5 29. c3 Nxb2 30. Rd2 Rxd2 31. Kxd2 Rc6 32. Bd5 Rb6 33.
Ke3 Na4 34. Kd4 b4 35. c4 Nc5 36. Rxd6 Rxd6 37. Kxc5 Rg6 38. Kxb4 Kf6 39. Bb7
Ke5 40. Kc5 Rxg4 41. Bxa6 Rg6 42. Bb5 Rg8 43. a4 Rc8+ 44. Bc6 Rc7 45. a5 Ke6
46. a6 Rc8 47. a7 1-0

[Event "Gruppe C | DWZ 1900 - 1701"]
[Site "61.HEM Erlensee 2007"]
[Date "2007.04.06"]
[Round "5.10"]
[White "Haftmann, Rainer"]
[Black "Eg, Karlheinz"]
[Result "1-0"]
[WhiteElo "1765"]
[BlackElo "2065"]
[PlyCount "59"]
[EventDate "2007.??.??"]

1. e4 e5 2. Nf3 Nc6 3. Bb5 a6 4. Ba4 Nf6 5. O-O Be7 6. Re1 b5 7. Bb3 O-O 8. h3
d6 9. c3 Na5 10. Bc2 c5 11. d4 Qc7 12. Nbd2 Rd8 13. Nf1 d5 14. Nxe5 cxd4 15.
exd5 Nxd5 16. Bxh7+ Kf8 17. Nxf7 Kxf7 18. Qh5+ Kf8 19. Bg6 Nf6 20. Qh8+ Ng8 21.
Re4 Qc6 22. Rf4+ Bf6 23. Be4 Rd5 24. Rxf6+ Qxf6 25. Bxd5 Bb7 26. Bg5 Qxg5 27.
Qxg8+ Ke7 28. Qf7+ Kd6 29. Bxb7 Nxb7 30. Qxb7 1-0

[Event "Gruppe C | DWZ 1900 - 1701"]
[Site "61.HEM Erlensee 2007"]
[Date "2007.04.06"]
[Round "5.11"]
[White "Fischer, Arthur"]
[Black "Schmitt, Carsten"]
[Result "1/2-1/2"]
[WhiteElo "2074"]
[BlackElo "1829"]
[PlyCount "71"]
[EventDate "2007.??.??"]

1. e4 c5 2. c3 d5 3. exd5 Qxd5 4. d4 Nf6 5. Nf3 Nc6 6. c4 Qe4+ 7. Be2 Nxd4 8.
Nxd4 Qxd4 9. Qb3 e6 10. Be3 Qd7 11. Nc3 b6 12. Rd1 Qc7 13. Bf3 Bb7 14. Qa4+ Ke7
15. Nb5 Qb8 16. Bxb7 Qxb7 17. O-O Ne8 18. Bf4 Kf6 19. Qb3 h6 20. Qg3 Rg8 21.
Bxh6 gxh6 22. Qxg8 Ng7 23. Qh8 Kg6 24. Rd3 Be7 25. Rd7 Qe4 26. Qxa8 Qxa8 27.
Rxe7 a6 28. Nc3 Nf5 29. Rd7 Nd4 30. f3 Qc6 31. Rd8 Kg7 32. Rd1 Qc7 33. Ra8 Qb7
34. Rd8 Qc7 35. Ra8 Qb7 36. Rd8 1/2-1/2

[Event "Gruppe C | DWZ 1900 - 1701"]
[Site "61.HEM Erlensee 2007"]
[Date "2007.04.06"]
[Round "5.12"]
[White "Foerster, Rudi"]
[Black "Schaub, Thomas"]
[Result "1/2-1/2"]
[WhiteElo "1962"]
[BlackElo "1744"]
[PlyCount "43"]
[EventDate "2007.??.??"]

1. e4 g6 2. d4 Bg7 3. f4 d6 4. Nc3 c6 5. Be3 Nf6 6. Be2 O-O 7. e5 dxe5 8. fxe5
Nd5 9. Qd2 Bf5 10. O-O-O Nb4 11. g4 Be6 12. a3 Nd5 13. Ne4 Qc8 14. g5 Nd7 15.
h4 c5 16. h5 cxd4 17. Bxd4 Bxe5 18. Bxe5 Nxe5 19. hxg6 fxg6 20. Bd3 Qc7 21. Kb1
Nxd3 22. Qxd3 1/2-1/2

[Event "Gruppe C | DWZ 1900 - 1701"]
[Site "61.HEM Erlensee 2007"]
[Date "2007.04.06"]
[Round "5.13"]
[White "Libuda, Thomas"]
[Black "Geringer, Waldemar"]
[Result "0-1"]
[WhiteElo "2009"]
[BlackElo "1886"]
[PlyCount "64"]
[EventDate "2007.??.??"]

1. d4 Nf6 2. Nf3 g6 3. e3 Bg7 4. Bd3 d6 5. Nbd2 O-O 6. c3 Nc6 7. O-O e5 8. d5
Nxd5 9. Bc4 Nde7 10. e4 h6 11. h3 Kh7 12. Nh2 f5 13. Be2 f4 14. Ndf3 g5 15. Kh1
Ng6 16. Ng1 Nce7 17. g3 Ng8 18. Bh5 Qf6 19. Ng4 Bxg4 20. Qxg4 fxg3 21. Qxg3 Nf4
22. Bg4 Ne7 23. Bxf4 Qxf4 24. Qd3 Qf7 25. Nf3 Qg6 26. Rg1 Rf4 27. h4 Qxe4 28.
Qxe4+ Rxe4 29. hxg5 Rf8 30. Bh5 Ref4 31. gxh6 Bxh6 32. Rg2 Rxf3 0-1

[Event "Gruppe C | DWZ 1900 - 1701"]
[Site "61.HEM Erlensee 2007"]
[Date "2007.04.06"]
[Round "5.14"]
[White "Larem, Peter"]
[Black "Achelrod, Alexandre"]
[Result "1-0"]
[WhiteElo "1917"]
[BlackElo "1873"]
[PlyCount "103"]
[EventDate "2007.??.??"]

1. e4 c5 2. c3 d6 3. d4 cxd4 4. cxd4 e6 5. Nf3 Nf6 6. Bd3 Be7 7. O-O Nc6 8. a3
Qb6 9. Nc3 O-O 10. Bc2 e5 11. d5 Nb8 12. Qd3 Qd8 13. h3 b6 14. b4 Ba6 15. b5
Bc8 16. Na2 Nbd7 17. Nb4 Nc5 18. Qe3 a6 19. Nc6 Qc7 20. bxa6 Bxa6 21. Re1 Bb7
22. Nxe7+ Qxe7 23. Bd2 Qc7 24. Bb4 Nh5 25. g3 Qd7 26. Kh2 Bc8 27. Ng1 Qe7 28.
Bd1 Nf6 29. Bc2 h6 30. Nf3 Qd7 31. Ng1 Nh7 32. f4 exf4 33. gxf4 Re8 34. Qd4 f6
35. Re3 Qc7 36. Rae1 Ba6 37. Rg3 Kh8 38. Nf3 Nd7 39. Bb1 Rac8 40. Reg1 Rg8 41.
Nh4 Ndf8 42. Nf5 Qc4 43. Qxc4 Rxc4 44. Nxh6 g5 45. Nxg8 Kxg8 46. fxg5 Kf7 47.
Bxd6 Rd4 48. g6+ Kg7 49. Bxf8+ Nxf8 50. h4 Rd2+ 51. R3g2 Rd4 52. h5 1-0

[Event "Gruppe C | DWZ 1900 - 1701"]
[Site "61.HEM Erlensee 2007"]
[Date "2007.04.06"]
[Round "5.15"]
[White "Dohne, Kai-Uwe"]
[Black "Krueger, Till"]
[Result "0-1"]
[WhiteElo "1767"]
[BlackElo "2048"]
[PlyCount "54"]
[EventDate "2007.??.??"]

1. e4 g6 2. d4 Bg7 3. Nc3 d6 4. Bc4 Nf6 5. f3 c6 6. Bg5 b5 7. Bb3 Qc7 8. Qd2
Nbd7 9. a4 b4 10. Nce2 a5 11. Bh6 Bxh6 12. Qxh6 Ba6 13. Nh3 c5 14. Qg7 Rf8 15.
Ng5 c4 16. Ba2 Nh5 17. Qxh7 O-O-O 18. Nxf7 Ndf6 19. Qxg6 Rde8 20. Nh6 c3 21.
Be6+ Kb8 22. Nxc3 bxc3 23. b3 Nf4 24. Qf5 Nxg2+ 25. Kf2 Nh4 26. Qf4 Nxf3 27.
Ke3 Nxd4 0-1

[Event "Gruppe C | DWZ 1900 - 1701"]
[Site "61.HEM Erlensee 2007"]
[Date "2007.04.06"]
[Round "5.16"]
[White "Kuehn, Thomas"]
[Black "Gauf, Wolfgang"]
[Result "0-1"]
[WhiteElo "1905"]
[BlackElo "1814"]
[PlyCount "59"]
[EventDate "2007.??.??"]

1. Nf3 c5 2. c4 Nc6 3. g3 Nf6 4. Bg2 g6 5. b3 Bg7 6. Bb2 O-O 7. O-O d6 8. d4
cxd4 9. Nxd4 Bd7 10. Nxc6 Bxc6 11. Bxc6 bxc6 12. Nd2 Qd7 13. Kg2 e5 14. Qc2 Nh5
15. f3 d5 16. e3 f5 17. Rad1 Qe7 18. Qc1 Rfe8 19. Rde1 Qb7 20. h3 Rad8 21. g4
Nf6 22. Qa1 Nd7 23. gxf5 gxf5 24. f4 d4 25. fxe5 c5+ 26. Kg1 Re6 27. e4 Rg6+
28. Kf2 Nxe5 29. Rg1 Nd3+ 30. Ke2 0-1

[Event "Gruppe C | DWZ 1900 - 1701"]
[Site "61.HEM Erlensee 2007"]
[Date "2007.04.06"]
[Round "5.17"]
[White "Hoppe, Michael"]
[Black "Koculak, Eduard"]
[Result "1/2-1/2"]
[WhiteElo "1970"]
[BlackElo "1752"]
[PlyCount "51"]
[EventDate "2007.??.??"]

1. c4 e6 2. Nc3 d5 3. e3 Nf6 4. Nf3 c6 5. b3 Nbd7 6. Bb2 Be7 7. Be2 O-O 8. O-O
b6 9. d4 Bb7 10. cxd5 cxd5 11. Rc1 Rc8 12. Bd3 Ne4 13. Nd2 f5 14. f3 Nd6 15.
Qe2 Nf6 16. Ba6 Bxa6 17. Qxa6 Qd7 18. Qe2 Qb7 19. Rfe1 Rfe8 20. Qd3 Bf8 21. e4
dxe4 22. fxe4 fxe4 23. Ncxe4 Nfxe4 24. Rxc8 Rxc8 25. Nxe4 Nxe4 26. Rxe4 1/2-1/2

[Event "Gruppe C | DWZ 1900 - 1701"]
[Site "61.HEM Erlensee 2007"]
[Date "2007.04.06"]
[Round "5.20"]
[White "Rompel, Michael"]
[Black "Storkebaum, Ulrike"]
[Result "0-1"]
[WhiteElo "2051"]
[BlackElo "1930"]
[PlyCount "66"]
[EventDate "2007.??.??"]

1. d4 Nf6 2. c3 g6 3. e3 Bg7 4. Bd3 O-O 5. Nd2 d6 6. f4 Bg4 7. Ngf3 Nbd7 8. O-O
e5 9. h3 Bxf3 10. Qxf3 Rb8 11. Nc4 Qe7 12. Bd2 e4 13. Qe2 exd3 14. Qxd3 b5 15.
Na5 Qe4 16. Qe2 Nh5 17. Rf3 f5 18. Be1 Rfe8 19. g3 c5 20. dxc5 dxc5 21. Nb3 c4
22. Nd4 Nc5 23. Rd1 Nd3 24. Qf1 Nxb2 25. Bd2 Nxd1 26. Qxd1 Nf6 27. a4 bxa4 28.
Qxa4 Rb1+ 29. Kf2 Qd3 30. Be1 Ne4+ 31. Kg2 Reb8 32. Rf1 R8b2+ 33. Kg1 Qxe3+ 0-1

[Event "Gruppe C | DWZ 1900 - 1701"]
[Site "61.HEM Erlensee 2007"]
[Date "2007.04.06"]
[Round "5.21"]
[White "Radtke, Thoralf"]
[Black "Freund, Karlheinz"]
[Result "1-0"]
[WhiteElo "1718"]
[BlackElo "1797"]
[PlyCount "91"]
[EventDate "2007.??.??"]

1. f4 c6 2. Nf3 d6 3. e4 Nd7 4. d4 Qc7 5. Bd3 e5 6. O-O Ngf6 7. c3 Be7 8. Qe1
h6 9. f5 c5 10. d5 c4 11. Bc2 Nc5 12. Qe2 b5 13. Nbd2 Bd7 14. a4 Rb8 15. axb5
Bxb5 16. Ne1 O-O 17. Kh1 Rfc8 18. g4 a6 19. Rg1 Nh7 20. Rb1 Bg5 21. Ndf3 Bxc1
22. Rxc1 f6 23. h4 Qf7 24. Rg2 Kh8 25. Ng1 g6 26. Ngf3 gxf5 27. gxf5 Rg8 28.
Nh2 Rxg2 29. Qxg2 Rg8 30. Qf3 Qg7 31. Qf2 Qg3 32. Qxg3 Rxg3 33. Ng2 Nd3 34.
Bxd3 cxd3 35. Nf1 Rg4 36. Nd2 Rg8 37. c4 Rc8 38. Rc3 a5 39. cxb5 Rb8 40. Rb3
Nf8 41. Nc4 Nd7 42. Rxd3 Rxb5 43. Rc3 Nc5 44. Nxd6 Rb6 45. Rxc5 Rxd6 46. Rxa5
1-0